| 000 | 00938cam a2200325 i 4500 | ||
|---|---|---|---|
| 001 | 31958 | ||
| 003 | BD-RjUL | ||
| 005 | 20211209051755.0 | ||
| 008 | 140423t1955 enk b 001 0 eng d | ||
| 035 | _a(BD-RjUL)32047 | ||
| 035 | _a(DLC)O12611527 | ||
| 035 | _a(UkMaJRU)1591899 | ||
| 035 | _a(UkLCURL)061591899 | ||
| 038 | _aUk | ||
| 040 |
_aDLC _erda _cGUA _dGUA _dUKM _dEQO _dUkMaJRU _dDB-RjUL _beng |
||
| 041 | 1 |
_aeng _hger |
|
| 082 | 0 | 4 |
_a261 _bZEM 1955 |
| 090 |
_aMan _b. A209537 |
||
| 100 | 1 |
_aZehrer, Hans, _997292 |
|
| 245 | 1 | 0 |
_aMan in this world / _cHans Zehrer. |
| 260 |
_aNew york : _bNew york University press, _c1955. |
||
| 300 |
_axi, 317 p. ; _c22 cm |
||
| 500 | _aAbridged and edited version. | ||
| 504 | _aIncludes bibliographical references and index. | ||
| 650 | 0 |
_aCivilization _xPhilosophy. _93440 |
|
| 942 |
_2ddc _cBK |
||
| 999 |
_c31958 _d31958 |
||